| 000 | 00365nam a22001457a 4500 | ||
|---|---|---|---|
| 003 | SGT | ||
| 082 |
_a615.532 _bI67T |
||
| 100 | _aTYLER KENT, JAMES | ||
| 245 | _aLECTURES ON HOMEOPATHIC PHILOSOPHY | ||
| 260 |
_aBARANAGORE _bU.S. DEY _c1967 |
||
| 300 | _a244 | ||
| 650 | _aHOMEOPATHIC PHILOSOPHY | ||
| 653 | _aLECTURES , HOMEOPATHIC PHILOSOPHY | ||
| 942 |
_2ddc _cRARE |
||
| 999 |
_c24148 _d24148 |
||